000
00195nam a2200085Ia 4500
008
170620s9999 xx 000 0 und d
100
_a
PATHAK- S.D
245
0
_a
U.P LOCAL ACT
260
_b
ALLAHABAD LAW AGENCY
260
_c
2012
999
_c
30404
_d
30404